00941 a2200193 4500001000700000020001800007040003200025100002400057245002300081250001300104260002900117300003100146362000900177520048800186650001900674650002600693650001200719650001600731127968 a9780590136952 cEscola Canadense de Niteroi aGannet, Ruth Stiles10aMy father's dragon a1ยช. ed. aUnited States of America a77 p.c6 x 0.19 x 9 inches0 a2014 a When Elmer Elevator strikes up a friendship with an alley cat, he learns of a baby dragon that is being forced to serve as a ferry for the selfish animals of Wild Island. Elmer determines at once to free the enslaved dragon, and with a bit of advice from the savvy cat, he arms himself with chewing gum, lollipops, rubber bands, and some other unlikely items. With these tools and his own sharp wits, Elmer is prepared to face hungry tigers, cranky crocodiles, and other challenges. 4aHelping Others 4aChildren's Literature 4aFantasy 4aImagination